| 000 | 00597nam a2200181Ia 4500 | ||
|---|---|---|---|
| 008 | 151202s9999||||xx |||||||||||||| ||und|| | ||
| 082 | _bPNVM-45381 | ||
| 100 | _aओक जनार्दन. | ||
| 245 | _aआद्य शंकराचार्य. | ||
| 260 | _bराजश्री प्रकाशन पु णे. | ||
| 260 | _c2003 | ||
| 300 | _a520 | ||
| 600 | _aओक जनार्दन. | ||
| 630 | _aआद्य शंकराचार्य. | ||
| 700 | _aओक जनार्दन. | ||
| 730 | _aआद्य शंकराचार्य. | ||
| 942 | _cBOOK | ||
| 999 |
_c1311332 _d1311329 |
||